|
|
|
|
| LEADER |
00000nam a2200000 a 4500 |
| 001 |
vtls001323875 |
| 003 |
SK-MaSNL |
| 005 |
20260301005516.0 |
| 008 |
240318s1967 xx 0 und |
| 035 |
|
|
|a SNK000276576
|
| 040 |
|
|
|a SNK
|b slo
|c SNK
|e AACR2
|
| 100 |
1 |
|
|a Molière,
|d 1622-1673
|4 aut
|9 118242
|
| 245 |
1 |
0 |
|a Komédie 1
|b Život pána de Moliére
|
| 260 |
|
|
|a Bratislava
|b Tatran
|c 1967
|
| 300 |
|
|
|a 376 s.
|
| 958 |
|
|
|a OND
|
| 999 |
|
|
|c 545372
|d 547302
|
| 952 |
|
|
|t P60, <05>, [BOOK], {605}
|a SNK
|b SNK
|y PREZ
|7 0
|p 17A0127944
|o snkSD 32061 D1
|0 0
|1 0
|4 0
|d 1998-03-09
|l 0
|r 2005-01-02 00:00:00
|w 2026-02-23
|
| 952 |
|
|
|a SNK
|b SNK
|y PREZ
|7 0
|p 17A0832272
|o snkSD 32061/1
|0 0
|1 0
|4 0
|d 2013-08-08
|l 0
|r 2026-02-23 12:53:08
|w 2026-02-23
|